01411cam a22003014a 45000010009000000050017000090080041000260100017000670200028000840400018001120420008001300500015001380820017001531000020001702450068001902500043002582600041003013000033003425040053003755050155004285380319005836500052009026500040009546500038009947000031010327000021010637000025010841229748120210414113916.0010202s2002 mauab b 001 0 eng  a 2001030137 a0072356766 (alk. paper) aDLCcDLCdDLC apcc00aHD62.4.B3400a658/.049221 aBall, Donald A.00aInternational business : the challenge of global competition. / a8th ed. bDonald A. Ball ... [et al.]. aBoston :bMcGraw-Hill/Irwin,cc2002. axxx, 710 p. :bill.;c29 cm. aIncludes bibliographical references and indexes. aContents: The Nature of international business -- The International environment -- The Foreign environmental forces -- The Organizational environment. aSystem requirements for accompanying 4x CD-ROM: IBM PC or 100% compatible with a Pentium/90 MHz processor, 16MB of RAM, 4x CD-ROM, Microsoft Windows 95 or higher, Microsoft Excel 97 or higher, Microsoft Access 97 or higher, and either Netscape Navigator 4.0 or higher, or Microsoft Internet Explorer 4.0 or higher. 0aInternational business enterprisesxManagement. 0aInternational business enterprises. 0aInternational economic relations.1 aMuculloch, Wendell H. Jr.,1 aFrantz, Paul L.,1 aGeringer, J.Michael,